000 00713nam a2200253 i 4500
001 32012
003 ES-MaACL
005 20230906154507.0
007 t|
008 021202s2002 sp a |||| | spa d
020 _a84-95908-12-3
080 _a29
100 1 _aCampbell, Joseph.
_934145
245 1 4 _aLos mitos en el tiempo /
_cJoseph Campbell ; traducción de César Aira.
250 _a1ª ed. en esta colección.
260 _aBarcelona :
_bEmecé,
_c2002.
300 _a272 p. :
_bil. ;
_c22 cm.
490 1 _aEmecé cornucopia
650 4 _aMitología.
_915092
700 1 _aAira, César.
_918987
830 0 _aEmecé cornucopia
_9182449
852 _aES-MaACL
_jL-26119
999 _c32012
_d32012